| 000 | 01123nam a22003857a 4500 | ||
|---|---|---|---|
| 001 | 0024322 | ||
| 003 | KOHA_MİRAKIL | ||
| 005 | 20260207002437.0 | ||
| 007 | ta | ||
| 008 | 101112b2008 tu |||gr||||#||||1|tur | | ||
| 020 |
_a9789755915623 _c6,26 |
||
| 040 |
_aTR-BiSEU _btur _cTR-BiSEU _erda |
||
| 041 | 0 | _atur | |
| 044 | _ctu | ||
| 050 |
_aPN886 _b.K64 2008 |
||
| 100 | 1 | _aKöksal, Dinçay. | |
| 245 | 1 |
_aÇeviri eğitimi : _bkuram ve uygulama/ _cDinçay Köksal ; Dinçay Köksal. |
|
| 264 | 1 |
_aAnkara : _bNobel Yayın Dağıtım _c2008 |
|
| 300 | _a VI, 154 sayfa | ||
| 336 |
_ametin _btxt _2rdacontent |
||
| 337 |
_aaracısız _bn _2rdamedia |
||
| 338 |
_acilt _bnc _2rdacarrier |
||
| 490 | 1 |
_aNobel yayın ; _vno. |
|
| 490 | 1 | _a582. | |
| 490 | 1 |
_aEğitim ve psikoloji dizi ; _vno. |
|
| 490 | 1 | _a158 | |
| 500 | _aKaynakça ve dizin var. | ||
| 650 | 0 |
_aÇeviriler. _930987 |
|
| 650 | 0 |
_aDil ve diller--Öğretim--Çeviri. _949711 |
|
| 830 | 1 |
_aNobel yayın ; _vno. _91510 |
|
| 830 | 1 |
_a582. _924253 |
|
| 830 | 1 |
_aEğitim ve psikoloji dizi ; _vno. _949712 |
|
| 830 | 1 |
_a158 _921617 |
|
| 942 |
_2lcc _cBK |
||
| 999 |
_c24274 _d24274 |
||